| 000 | 00000nam##2200000za#4500 |
| 001 | 9.644515 |
| 003 | CaOODSP |
| 005 | 20250506145324 |
| 007 | ta |
| 008 | 150407|1992||||xxc||||| f|0| 0 eng|d |
| 020 | |a0-662-19241-9 |
| 040 | |aCaOODSP|beng |
| 043 | |an-cn--- |
| 086 | 1 |aA63-1877/1992E |
| 110 | 1 |aCanada.|bAgriculture Canada. |
| 245 | 10|aPractical guide to swine breeding / |cby Robert M. McKay, Research Station, Brandon, Manitoba. |
| 260 | |aOttawa - Ontario : |bAgriculture Canada |c1992. |
| 300 | |a51p. : |bfigs., tables ; |c23 cm. |
| 500 | |aContents: Breed distribution in Canada.--Genetic improvement.--Selection methods.--Crossbreeding.--Genetic defects and abnormalities.--Inbreeding.--Where do we go from here?--Glossary of terms. |
| 563 | |aSoftcover |
| 590 | |a92-33|b1992-08-14 |
| 720 | 1 |aMcKay, Robert M. |
| 775 | 08|tGuide de l'amélioration génétique des porcins / |w(CaOODSP)9.678346 |
| 776 | 0#|tPractical guide to swine breeding / |w(CaOODSP)9.696985 |
| 986 | |aPublication 1877/E |